000 01316cam a2200145 4500500
005 20260405024723.0
041 _afre
042 _adc
100 1 0 _aBennassar, Bartolomé
_eauthor
700 1 0 _aJacquart, Jean
_eauthor
245 0 0 _aLe 16e siècle
260 _bArmand Colin,
_c2020.
520 _aPréparé par la vive fermentation du 15e siècle finissant et fécondé par les voyages d’exploration qui mettent le vieux monde occidental en contact avec d’autres civilisations, le 16e siècle apparaît comme une période riche d’événements, en conflits, en transformations et renouvellements politiques, économiques, philosophiques et artistiques. Avec lui naissent les Temps Modernes. Aux débuts de ce siècle, marqué par de hautes aspirations morales et philosophiques, succède une période de troubles – politiques et religieux – et de doutes à l’échelle européenne comme mondiale. L’époque n’en reste pas moins celle de la nouveauté : les moyens donnés à l’Europe pour dominer le monde, l’organisation de l’État dans un cadre national, l’affirmation de la conscience individuelle…, autant d’éléments que le Grand Siècle va établir et développer.
856 4 1 _uhttps://shs.cairn.info/le-16e-siecle--9782200626143?lang=fr&redirect-ssocas=7080
999 _c2140790
_d2140790